logo

Bir Sreshtho Munshi Abdur Rouf Library
Jhenaidah Cadet College

English Verse The young / (Record no. 4414)

MARC details
000 -LEADER
fixed length control field 00681nam a2200241 a 4500
001 - CONTROL NUMBER
JCCL Control Number 4414
003 - CONTROL NUMBER IDENTIFIER
JCCL marc code BD-JhCC
005 - DATE AND TIME OF LATEST TRANSACTION
control field 20171127104701.0
008 - FIXED-LENGTH DATA ELEMENTS--GENERAL INFORMATION
fixed length control field 171127s1970 bg ||||| |||| 00| 0 eng d
035 ## - SYSTEM CONTROL NUMBER
system control number (BD-JhCC)
040 ## - CATALOGING SOURCE
Original cataloging agency BD-JhCC
Modifying agency BD-JhCC
041 ## - LANGUAGE CODE
Language code of Book eng
082 ## - DEWEY DECIMAL CLASSIFICATION NUMBER
Classification number 821.1
Author mark and Year HUS 1970
100 ## - MAIN ENTRY--PERSONAL NAME
Personal name hussain, Sajjad, Syed
245 ## - TITLE STATEMENT
Title English Verse The young /
Statement of responsibility, etc Syed Sajjad hussain : JalaluddinAhmed, Syed Rafiquddin Ahamed
260 ## - PUBLICATION, DISTRIBUTION, ETC. (IMPRINT)
Place of publication, distribution, etc Dacca :
Name of publisher, distributor, etc Purda Banga Press,
Date of publication, distribution, etc 1970
300 ## - PHYSICAL DESCRIPTION
Pagination 191 p. :
Dimensions 22cm.
650 ## - SUBJECT ADDED ENTRY--TOPICAL TERM
Topical term or geographic name as entry element English Verse
700 ## - ADDED ENTRY--PERSONAL NAME
Personal name hussain, Sajjad, Syed
700 ## - ADDED ENTRY--PERSONAL NAME
Personal name Ahmed, Jalaluddin
700 ## - ADDED ENTRY--PERSONAL NAME
Personal name Ahamed, Rafiquddin, Syed
942 ## - ADDED ENTRY ELEMENTS (KOHA)
Source of classification or shelving scheme Dewey Decimal Classification
Koha item type Books
Holdings
Source of classification or shelving scheme Damaged status Not for loan Home library Current library Shelving location Date of accession Total Checkouts Full call number Barcode Date last seen Copy number Koha item type
Dewey Decimal Classification     JCC Rouf Library JCC Rouf Library General Stacks 11/27/2017   821.1 HUS 1970 6253 11/27/2017 C-1 Books

JCC Library | Contacts | JCC Home

Last Update on 23 September 2017
Copyright @ 2017-2020 JCC Rouf Library
Rouf Library, Jhenidah Cadet College (JCC), Bangladesh